000 00446nam a2200157 4500
001 145178
003 ES-MaACL
005 20230906201158.0
007 t|
008 070214s1929 po r ||||1| por d
100 1 _aSousa, José Fernando de.
_9107577
245 1 0 _aPortugal
_b: comunicaçoes /
_cJosé Fernando de Sousa.
260 _aLisboa :
_b[s. n.],
_c1929 (
_fImp. Nacional)
300 _a36 p. ;
_c25 cm.
852 _aES-MaACL
_j1744-F-22
999 _c145178
_d145178